00729nam a2200205Ia 4500001002200000003000900022008004100031040002300072041001300095100001900108245011500127250001500242260003600257300001900293490003400312500001300346501012400359700002100483700001900504241.66-CHI do (20742)IT-MiSPE171229s9999||||xx |||||||||||||| ||und|| aIT-MiSPEcIT-MiSPE aITALIANO aRenzo Bonetti  0aChiesa domesticabLa Chiesa-famiglia nella dinamica della missione cristiana: Un profilo unitario a più voci a1a ed. (v) aCinisello B.mobSan Paoloc2009 a257 p. c21 cm aLe ragioni della speranzav68 aFamiglia aEdizioni San Paolo srl - Piazza Soncino, 5 - 20092 CINISELLO BALSAMO (MI) (non commercial uses only) ® Copyright 2018 aErio Castellucci aRinaldo Fabris